LEADER 00972nam0-22003731i-4500 001 990003286900403321 005 20170202124411.0 035 $a000328690 035 $aFED01000328690 035 $a(Aleph)000328690FED01 035 $a000328690 100 $a20030910d1930--------y0itay50------b 101 0 $aita 105 $aa---y-------- 200 1 $a<>Albania$fRoberto Almagią 210 $aRoma$cCremonese$d1930 215 $a291 p.$cill.$d17 cm 225 1 $aCollezione Omnia$v22 610 0 $aEconomia; Clima 610 0 $aAlbania 610 0 $aStudio del suolo 676 $a021.034 700 1$aAlmagią,$bRoberto$f<1884-1962>$04190 801 0$aIT$bUNINA$gRICA$2UNIMARC 901 $aBK 912 $a990003286900403321 952 $a021.034.ALM$b11326$fDECGE 952 $aH-05-037$bIst. 2449$fILFGE 952 $aLA5/25$bs.i.$fDINGE 959 $aDECGE 959 $aILFGE 959 $aDINGE 996 $aAlbania$9445754 997 $aUNINA LEADER 05464nam 2200805 a 450 001 9910964108303321 005 20200520144314.0 010 $a9786613349538 010 $a9781283349536 010 $a1283349531 010 $a9781849681797 010 $a1849681791 035 $a(CKB)2670000000093702 035 $a(EBL)950598 035 $a(OCoLC)797916708 035 $a(SSID)ssj0000525492 035 $a(PQKBManifestationID)11340985 035 $a(PQKBTitleCode)TC0000525492 035 $a(PQKBWorkID)10488985 035 $a(PQKB)11393501 035 $a(Au-PeEL)EBL950598 035 $a(CaPaEBR)ebr10477267 035 $a(CaONFJC)MIL334953 035 $a(PPN)22801784X 035 $a(OCoLC)768490591 035 $a(OCoLC)ocn768490591 035 $a(FR-PaCSA)88851692 035 $a(CaSebORM)9781849681780 035 $a(MiAaPQ)EBC950598 035 $a(FRCYB88851692)88851692 035 $a(DE-B1597)721980 035 $a(DE-B1597)9781849681797 035 $a(EXLCZ)992670000000093702 100 $a20110707d2011 uy 0 101 0 $aeng 135 $aur|n|---||||| 181 $ctxt 182 $cc 183 $acr 200 10$aSAP BusinessObjects Dashboards 4.0 cookbook $eover 90 simple and incredibly effective recipes for transforming your business data into exciting dashboards with SAP BusinessObjects Dashboards 4.0 Xcelsius /$fXavier Hacking, David Lai 205 $a1st edition 210 $aBirmingham, U.K. $cPackt Enterprise Pub.$d2011 215 $a1 online resource (352 p.) 300 $aIncludes index. 311 08$a9781849681780 311 08$a1849681783 327 $aCover; Copyright; Credits; Foreword; About the Authors; About the Reviewers; www.PacktPub.com; Table of Contents; Preface; Chapter 1: Staying in Control; Introduction; Making the spreadsheet more readable with colors; Making the spreadsheet more readable with comments; Making the spreadsheet more readable using borders; Using named ranges; Selecting all worksheet cells with one click; Copying the formatting of one cell to another cell or range; Debugging your spreadsheets; Navigation between worksheets; Grouping the canvas components; Chapter 2: Data Visualization; Introduction 327 $aAdding a line chart to your dashboardUsing the bullet chart; Using sparklines; Using the combination chart; Using the pie chart; Using the XY chart; Using the bubble chart; Using the radar chart; Using the OHLC chart and candlestick chart; Sorting series; Zooming in on charts; Scaling the y-axis; Using the tree map; Showing a trend without a chart; Displaying raw data; Illustrating single values; Chapter 3: From a Static to an Interactive Dashboard; Introduction; Drilling down from a chart; Selecting your data from a list; Using the Filter Selector component for hierarchies 327 $aAlternative hierarchy selection methodUsing Filtered Rows; Using maps to select data of an area or country; Adding a MacOSX loading dock to your dashboard; Resetting your data (reset button); Making selections from a custom image (push button and image component); Inputting data values; Using Play Selector/Play Control; Opening up a Web Intelligence report using dashboard parameters; Selecting calendar dates; Using sliders to create a what-if scenario; Chapter 4: Dynamic Visibility; Introduction; Switching between different charts; Building a pop-up screen 327 $aCreating a mouse-over help text pop-upPassword protecting your dashboard; Chapter 5: Using Alerts; Introduction; Adding alerts to a column chart; Using alerts in a gauge; Making alert ranges dynamic; Displaying alerts on a map; Displaying alerts of different thresholds on a map; Using bindable colors to control alert coloring from a central location; Using alerts in a scorecard; Chapter 6: Advanced Components; Introduction; Printing your dashboard; Grouping and organizing components with the canvas container; Using dashboard scenarios; Using the grid component; Creating a slide show 327 $aUsing the panel set componentUsing the history component; Data insertion with the Source data component; Analyzing trends; Chapter 7: Dashboard Look and Feel; Introduction; Changing the look of a chart; Adding a background to your dashboard; Using color schemes; Sharing a color scheme; Working with themes; Making component colors dynamic; Using the panel container; Using the tab set container; Making tables look pretty; Smart use of quadrants; Chapter 8: Dashboard Connectivity; Introduction; Creating a news ticker with Excel XML Maps; Using Query as a WebService (QaaWS) 327 $aUsing Live Office connection 330 $aOver 90 simple and incredibly effective recipes for transforming your business data into exciting dashboards with SAP BusinessObjects Dashboards 4.0 Xcelsius with this book and eBook 517 3 $aBusinessObjects Dashboards 4.0 cookbook 517 3 $aSAP Business Objects Dashboards 4.0 cookbook 517 3 $aBusiness Objects Dashboards 4.0 cookbook 606 $aComputer programming 615 0$aComputer programming. 676 $a650.0285 676 $a658.4/038/011 676 $a658.4038 700 $aHacking$b Xavier$01795358 701 $aLai$b David$01092037 801 0$bMiAaPQ 801 1$bMiAaPQ 801 2$bMiAaPQ 906 $aBOOK 912 $a9910964108303321 996 $aSAP BusinessObjects Dashboards 4.0 cookbook$94336536 997 $aUNINA LEADER 04160nam 2200481z- 450 001 9910346754603321 005 20260319232644.0 035 $a(CKB)4920000000094168 035 $a(oapen)https://directory.doabooks.org/handle/20.500.12854/52622 035 $a(oapen)doab52622 035 $a(EXLCZ)994920000000094168 100 $a20202102d2019 |y 0 101 0 $aeng 135 $aurmn|---annan 181 $ctxt$2rdacontent 182 $cc$2rdamedia 183 $acr$2rdacarrier 200 00$aMaking Science Fun - A Tribute to Our Colleague and Friend, Prof. Antonius G. Rolink (1953-2017) 210 $cFrontiers Media SA$d2019 215 $a1 online resource (211 p.) 225 1 $aFrontiers Research Topics 311 08$a2-88945-751-6 330 $aThis Research Topic honors the memory of Prof. Antonius "Ton" G. Rolink (April 19, 1953-August 06, 2017), our colleague, mentor and friend in immunology. It is now over a year since Ton left us. This article collection, authored by many of Ton's friends and colleagues, reflects the huge contribution to cellular and molecular immunology that work emanating directly from Ton's own hands and laboratory have made to the understanding of lymphocyte development. Ton's hard work, expertise, generosity, passion for science and infectious humor were legendary and for all of those lucky enough to have been his colleague, he ensured that science was fun. We take this opportunity of thanking all contributors for submitting their manuscripts; we are sure that Ton would have enjoyed reading and making his own insightful comments on them. In the form of original research and review articles, these papers cover many of Ton's scientific interests in different aspects of lymphocyte development in mouse and man. In the first section, Development of hematopoietic cells and lymphocytes, Klein et al. describe the accumulation of multipotent hematopoietic progenitors in peripheral lymphoid organs of IL-7xFlt3L double transgenic mice and Pang et al. the role of the transcription factor PU.1 on the development of Common Lymphoid Progenitors. In Early B cell development, Winkler and Ma?rtensson review the role of the Pre-B cell receptor in B cell development and papers by Hobeika et al. and Brennecke et al. describe models of inducible B cell development. For B cell selection, survival and tolerance, Smulski and Eibel review the role of BAFF and Kowalczyk-Quintans et al. analyse the role of membrane-bound BAFF. The impact of BIM on B cell homeostasis is discussed by Liu et al. The role of the MEK-ERK pathway in B cell tolerance is discussed by Greaves et al. and the transcriptional regulation of germinal center development is reviewed by Song and Matthias. For Hematological diseases, Ghia reviews how studies of B cell development help the understanding of Leukemia development, Kim and Schaniel review how iPS technology helps the understanding of hematological diseases and Hellmann et al. describe development of new therapeutic antibody drug conjugates. Finally, in T cell development, homeostasis and graft vs. host disease, Heiler et al. describe the therapeutic effects of IL-2/anti-IL-2 immune complexes in GvHD, Calvo-Asensio et al. describe the DNA damage response of thymocyte progenitors and Mori and Pieters review the role of Coronin 1 in T cell survival. 517 $aMaking Science Fun - A Tribute to Our Colleague and Friend, Prof. Antonius G. Rolink 606 $aMedicine and Nursing$2bicssc 610 $aB cell development 610 $aB cell selection and survival 610 $aBAFF 610 $aCytokines 610 $aHematopoietic Stem Cells 610 $aIPSC 610 $aLeukemia 610 $aT cell development 610 $aT cell survival 610 $aTranscription Factors 615 7$aMedicine and Nursing 700 $aCeredig$b Rhodri$4auth$01861888 702 $aWinkler$b Thomas H$4auth 702 $aEibel$b Hermann$4auth 906 $aBOOK 912 $a9910346754603321 996 $aMaking Science Fun - A Tribute to Our Colleague and Friend, Prof. Antonius G. Rolink (1953-2017)$94555230 997 $aUNINA